|
|
|
|
| LEADER |
00000cas a2200000 a 4500 |
| 001 |
vtls010653637 |
| 003 |
SK-MaSNL |
| 005 |
20260228161218.0 |
| 008 |
150211c20149999xo br p 0 b0slo |
| 022 |
|
|
|a 1339-8067
|
| 040 |
|
|
|a SVKBB
|b slo
|c SVKBB
|d SNK
|e AACR2
|
| 041 |
0 |
|
|a slo
|
| 044 |
|
|
|a xo
|c SK
|
| 072 |
|
7 |
|a 316.7
|x Sociológia kultúry. Kultúrny život
|2 konspekt
|
| 072 |
|
7 |
|a 394
|x Verejný a spoločenský život. Každodenný život
|2 konspekt
|
| 072 |
|
7 |
|a 821-1/-8
|x Literatúra rôznych foriem a žánrov
|2 konspekt
|
| 080 |
|
|
|a 316.728
|2 2011
|
| 080 |
|
|
|a 394
|2 2011
|
| 080 |
|
|
|a 050
|2 2011
|
| 080 |
|
|
|a 379.8(051)
|2 2011
|
| 080 |
|
|
|a 821-32
|2 2011
|
| 080 |
|
|
|a (0:82-32)
|2 2011
|
| 210 |
0 |
|
|a Živ. príbehy napísané živ.
|
| 222 |
|
0 |
|a Životné príbehy napísané životom
|
| 245 |
0 |
0 |
|a Životné príbehy napísané životom
|
| 260 |
|
|
|a Bratislava
|b Bauer Media SK v.o.s.
|c 2014-
|
| 260 |
3 |
|
|3 1/2019-
|a Bratislava
|b MAFRA Slovakia, a.s.
|
| 300 |
|
|
|a zv.
|c 23 cm
|
| 310 |
|
|
|a Občasník
|
| 362 |
0 |
|
|a Roč. 1, č. 1 (2014)-
|
| 500 |
|
|
|a Registračné č.: EV 5070/14
|
| 500 |
|
|
|a Popis podľa: Roč. 2, č. 4 (2015)
|
| 650 |
0 |
7 |
|a každodenný život
|2 SNKPH
|9 4946
|
| 655 |
|
7 |
|a časopisy pre voľný čas
|2 SNKPH
|9 70337
|
| 655 |
|
7 |
|a príbehy
|2 SNKPH
|9 70507
|
| 852 |
|
|
|a Štátna vedecká knižnica v Banskej Bystrici
|
| 910 |
|
|
|a snk
|
| 999 |
|
|
|c 4684
|d 6614
|
| 952 |
|
|
|0 0
|1 0
|4 0
|7 0
|8 0
|a SNK
|b SNK
|d 2022-03-09
|i snk2022/3691
|l 0
|o snkČSC 4094/6/2019 D1
|p 17A1461558
|r 2026-02-21 20:10:16
|t č. 1-6
|w 2026-02-21
|y PREZ
|
| 952 |
|
|
|0 0
|1 0
|4 0
|7 0
|8 0
|a SNK
|b SNK
|d 2022-03-09
|i snk2022/3692
|l 0
|o snkČSC 4094/7/2020
|p 17A1461559
|r 2026-02-21 20:10:16
|t č. 1-6, neúplné
|w 2026-02-21
|y PREZ
|z Chýba č. 3
|
| 952 |
|
|
|0 0
|1 0
|4 0
|7 0
|8 1
|a SNK
|b SNK
|d 2022-12-19
|i snk2022/19101
|l 0
|o snkČSC 4094/3/2016 D1
|p 17A1465081
|r 2026-02-21 20:11:40
|t č. 1-6
|w 2026-02-21
|y PREZ
|
| 952 |
|
|
|0 0
|1 0
|4 0
|7 0
|8 0
|a SNK
|b SNK
|d 2025-01-28
|i snk2025/1234
|l 0
|o snkČSC 4094/8/2021
|p 17A1524982
|r 2026-02-21 21:40:29
|t č. 1-6
|w 2026-02-21
|y PREZ
|
| 952 |
|
|
|0 0
|1 0
|4 0
|7 0
|8 0
|a SNK
|b SNK
|d 2025-01-28
|i snk2025/1236
|l 0
|o snkČSC 4094/9/2022
|p 17A1524983
|r 2026-02-21 21:40:29
|t č. 1-6, neúplné
|w 2026-02-21
|y PREZ
|z Chýba č. 2
|
| 952 |
|
|
|0 0
|1 0
|4 0
|7 0
|8 0
|a SNK
|b SNK
|d 2025-01-28
|i snk2025/1238
|l 0
|o snkČSC 4094/10/2023
|p 17A1524984
|r 2026-02-21 21:40:29
|t č. 1-6
|w 2026-02-21
|y PREZ
|
| 952 |
|
|
|0 0
|1 0
|4 0
|7 0
|8 0
|a SNK
|b SNK
|d 2025-01-28
|i snk2025/1240
|l 0
|o snkČSC 4094/11/2024
|p 17A1524985
|r 2026-02-21 21:40:29
|t č. 1-6
|w 2026-02-21
|y PREZ
|
| 952 |
|
|
|0 0
|1 0
|4 0
|7 0
|8 0
|a SNK
|b SNK
|d 2020-06-09
|i snk2020/9916
|l 0
|o snkČSC 4094/2/2015
|p 17A1388183
|r 2026-02-21 22:01:27
|t č. 1-4
|w 2026-02-21
|y PREZ
|
| 952 |
|
|
|0 0
|1 0
|4 0
|7 0
|8 0
|a SNK
|b SNK
|d 2020-06-09
|i snk2020/9917
|l 0
|o snkČSC 4094/3/2016
|p 17A1388187
|r 2026-02-21 22:01:27
|t č. 1-6
|w 2026-02-21
|y PREZ
|
| 952 |
|
|
|0 0
|1 0
|4 0
|7 0
|8 0
|a SNK
|b SNK
|d 2020-06-09
|i snk2020/9918
|l 0
|o snkČSC 4094/4/2017
|p 17A1388186
|r 2026-02-21 22:01:27
|t č. 1-6
|w 2026-02-21
|y PREZ
|
| 952 |
|
|
|0 0
|1 0
|4 0
|7 0
|8 0
|a SNK
|b SNK
|d 2020-06-09
|i snk2020/9920
|l 0
|o snkČSC 4094/5/2018
|p 17A1388185
|r 2026-02-21 22:01:27
|t č. 1-6
|w 2026-02-21
|y PREZ
|
| 952 |
|
|
|0 0
|1 0
|4 0
|7 0
|8 0
|a SNK
|b SNK
|d 2020-06-09
|i snk2020/9922
|l 0
|o snkČSC 4094/4/2017 D1
|p 17A1388184
|r 2026-02-21 22:01:27
|t č. 1-6
|w 2026-02-21
|y PREZ
|
| 952 |
|
|
|0 0
|1 0
|4 0
|7 0
|8 0
|a SNK
|b SNK
|d 2020-06-09
|i snk2020/9925
|l 0
|o snkČSC 4094/5/2018 D1
|p 17A1430510
|r 2026-02-21 22:01:27
|t č. 1-6
|w 2026-02-21
|y PREZ
|
| 952 |
|
|
|0 0
|1 0
|4 0
|7 0
|8 0
|a SNK
|b SNK
|d 2020-10-01
|i snk2020/17543
|l 0
|o snkČSC 4094/6/2019
|p 17A1431772
|r 2026-02-21 22:16:12
|t č. 1-6
|w 2026-02-21
|y PREZ
|